Lianas utilizadas por los indigenas Siona-Secoya de la Amazonia del Ecuador (Registro nro. 17820)

Detalles MARC
000 -CABECERA
Campo de control 00834cam a2200253 a 4500
005 - FECHA Y HORA DE LA ULTIMA TRANSACCION
Campo de control 20180803170200.0
008 - ELEMENTOS DE LONGITUD FIJA—INFORMACION GENERAL
Campo de control 890504s1991 ec a r 00010 spa d
040 ## - FUENTE DE CATALOGACIÓN
Agencia catalogadora original la
Agencia transcriptora la
041 0# - IDIOMA
Código de idioma para texto/pista de sonido o título separado Español
043 ## - GEOGRAPHIC AREA CODE
Geographic area code s-ec---
082 04 - NUMERO DE CLASIFICACION DECIMAL DEWEY
Número de clasificación 635.974
Número del ítem M53l
100 ## - ASIENTO PRINCIPAL--NOMBRE PERSONAL
Nombre personal Guillermo Paz - Mimo C.
245 00 - MENCION DE TITULO
Título Lianas utilizadas por los indigenas Siona-Secoya de la Amazonia del Ecuador
Mención de responsabilidad Guillermo Paz y Mimo C.
250 ## - MENCION DE EDICION
Mención de edición Editor Patricio Mena.
260 ## - PUBLICACION, DISTRIBUCION, ETC. (PIE DE IMPRENTA)
Lugar de publicación, distribución, etc. Quito :
Nombre del editor, distribuidor, etc. Ecociencia,
Fecha de publicación, distribución, etc. 1991.
300 ## - DESCRIPCION FISICA
Extensión 40 p. :
Otros detalles físicos il. ;
Dimensiones 22 cm.
650 ## - ASIENTO SECUNDARIO DE MATERIA - TERMINO TEMATICO
Término temático o nombre geográfico como elemento de entrada Plantas trepadoras
Subdivisión general Investigaciones
Subdivisión geográfica Ecuador.
650 #6 - ASIENTO SECUNDARIO DE MATERIA - TERMINO TEMATICO
Término temático o nombre geográfico como elemento de entrada Indigenas de Ecuador
Subdivisión general Vida social y costumbres.
650 #6 - ASIENTO SECUNDARIO DE MATERIA - TERMINO TEMATICO
Término temático o nombre geográfico como elemento de entrada Siona-Secoya.
650 #6 - ASIENTO SECUNDARIO DE MATERIA - TERMINO TEMATICO
Término temático o nombre geográfico como elemento de entrada Lianas
700 1# - ASIENTO SECUNDARIO - NOMBRE PERSONAL
Nombre personal Mena, Patricio,
Término de relación ed.
942 ## - ELEMENTOS ADICIONALES (KOHA)
Sistema de clasificación Dewey Decimal Classification
Tipo de ítem Libro
949 ## - LOCAL PROCESSING INFORMATION (OCLC)
a n
b n
Existencias
Withdrawn status Lost status Sistema de Clasificación Damaged status No para préstamo Colección Fecha publicación (Año) Inventariado Ubicación Permanente Ubicación actual Fecha de adquisición Fuente de Valor Valor Total Checkouts Número topográfico Inventario / Código de Barras Date last seen Ejemplar Price effective from Forma de adquisición Tipo de material
    Dewey Decimal Classification     General 1991 Inventariado 2017 Bogotá Bogotá 28/09/2015 Instituto 10000.00   LB-635.974 M53l 035221 28/09/2015 Ej. 1 28/09/2015   Libro